000
00222nam a2200097Ia 4500
005
20251222114358.0
008
251222s1900||||xx |||||||||||||| ||spa||
082
_a
DVD0120/K12/1986/T.1
245
0
_a
La Gioconda :
942
_c
DVD
999
_c
1522
_d
1522